000 00955nam a2200265 a 4500
001 000016233
005 20250621074006.0
008 100301s1983 dr 001 0 spa d
040 _aDO-SdBNP
_bspa
_cBNPHU
082 _a320.404
_bJ826d
100 1 _aJorge Blanco, Salvador,
_d1926-2010
_930551
245 1 0 _aDiscursos presidenciales /
_cSalvador Jorge Blanco ; prólogo Ramón Alburquerque Ramírez.
260 _aSanto Domingo :
_bONAP,
_c1983.
300 _av. ;
_c22 cm.
490 1 _aEstudios políticos
_vno. 2
490 1 _aONAP
500 _aIncluye datos biográficos del autor en la solapa
500 _aLa biblioteca posee el v. 1-4
600 1 0 _aJorge Blanco, Salvador,
_d1926-2000
_vEnsayos, conferencias, etc.
_945829
651 0 _aRepública Dominicana
_xPolítica y gobierno
_945
700 1 _aAlburquerque Ramírez, Ramón
_epról.
_936283
830 0 _aEstudios políticos
_vno. 2
_936284
830 _aONAP
_910860
049 _aBNPD
999 _c15771
_d15771